Scientists with elements named after them - Statistics

General Stats
  • This quiz has been taken 39 times
  • The average score is 10 of 15
Answer Stats
Hint Answer % Correct
Es Albert Einstein
100%
Rf Ernest Rutherford
88%
Cm Marie Curie
88%
No Alfred Nobel
82%
Fm Enrico Fermi
79%
Lr Ernest Lawrence
79%
Sg Glenn Seaborg
79%
Md Dmitri Mendeleev
76%
Bh Niels Bohr
76%
Mt Lise Meitner
71%
Gd Johan Gadolin
65%
Cn Nicholas Copernicus
56%
Rg Willhelm Roentgen
56%
Og Yuri Oganessian
24%
Fl Georgy Flyorov
9%
No matching quizzes found
Score Distribution
Percent of People with Each Score
Percentile by Number Answered
Your Score History
You have not taken this quiz